Manamohan's dream India : (Record no. 122933)
[ view plain ]
| 000 -LEADER | |
|---|---|
| fixed length control field | 00831nam a22002537a 4500 |
| 003 - CONTROL NUMBER IDENTIFIER | |
| control field | dpl |
| 005 - DATE AND TIME OF LATEST TRANSACTION | |
| control field | 20180802121644.0 |
| 008 - FIXED-LENGTH DATA ELEMENTS--GENERAL INFORMATION | |
| fixed length control field | 180802b xxu||||| |||| 00| 0 eng d |
| 010 ## - LIBRARY OF CONGRESS CONTROL NUMBER | |
| LC control number | B-159268 |
| 020 ## - INTERNATIONAL STANDARD BOOK NUMBER | |
| Terms of availability | 380.00 |
| International Standard Book Number | 8176296317 |
| 035 ## - SYSTEM CONTROL NUMBER | |
| System control number | B-159268, B-159289 |
| 037 ## - SOURCE OF ACQUISITION | |
| Source of stock number/acquisition | Cen Lib/Ret |
| 040 ## - CATALOGING SOURCE | |
| Original cataloging agency | DPL |
| Language of cataloging | EN |
| Transcribing agency | 0 |
| 082 ## - DEWEY DECIMAL CLASSIFICATION NUMBER | |
| Classification number | 338.954 |
| Item number | MAH |
| 100 ## - MAIN ENTRY--PERSONAL NAME | |
| Personal name | Mahajan, V. S. |
| 9 (RLIN) | 3140 |
| 245 ## - TITLE STATEMENT | |
| Title | Manamohan's dream India : |
| Statement of responsibility, etc | by V.S. Mahajan |
| Remainder of title | his vision growth, equity and social change vis-a-vis economic reforms / |
| 260 ## - PUBLICATION, DISTRIBUTION, ETC. (IMPRINT) | |
| Place of publication, distribution, etc | New Delhi |
| Name of publisher, distributor, etc | Deep and Deep Publications |
| Date of publication, distribution, etc | 2005 |
| 270 ## - ADDRESS | |
| City | New Delhi |
| Address | F-159, Rajouri Garden |
| Postal code | 110027 |
| 300 ## - PHYSICAL DESCRIPTION | |
| Extent | xv, 224p. |
| Dimensions | 22cmHb) |
| 500 ## - GENERAL NOTE | |
| General note | Includes index |
| 650 ## - SUBJECT ADDED ENTRY--TOPICAL TERM | |
| Topical term or geographic name as entry element | Economic |
| Geographic subdivision | India |
| 9 (RLIN) | 3141 |
| 650 ## - SUBJECT ADDED ENTRY--TOPICAL TERM | |
| Topical term or geographic name as entry element | Economic strategy |
| Geographic subdivision | India |
| 9 (RLIN) | 3142 |
| 942 ## - ADDED ENTRY ELEMENTS (KOHA) | |
| Source of classification or shelving scheme | Dewey Decimal Classification |
| Koha item type | English Books |
| Classification part | 338.954 |
| Call number suffix | MAH |
| Withdrawn status | Lost status | Damaged status | Not for loan | Collection code | Home library | Current library | Date acquired | Source of acquisition | Cost, normal purchase price | Total Checkouts | Full call number | Barcode | Date last seen | Copy number | Cost, replacement price | Price effective from | Koha item type | Source of classification or shelving scheme | Coded location qualifier |
|---|---|---|---|---|---|---|---|---|---|---|---|---|---|---|---|---|---|---|---|
| Not For Loan | Reference | Central Library | Central Library | 30/05/2015 | Cen Lib/Ret | 380.00 | 338.954 MAH | B-159268 | 30/05/2015 | 1 | 380.00 | 30/05/2015 | English Books | ||||||
| Non-fiction | Shahdara Branch | Shahdara Branch | 02/08/2018 | BPPD/PUB | 338.954 MAH | B-159289 | 02/08/2018 | 0.00 | 02/08/2018 | English Books | Dewey Decimal Classification | 0.00 |
